| 000 | 01059nam a2200217 i 4500 | ||
|---|---|---|---|
| 001 | 181802 | ||
| 003 | ES-MaACL | ||
| 005 | 20260203063034.0 | ||
| 008 | 130327s1930 sp | |||| ||spa d | ||
| 080 | _a904(460.281):7.031.3 | ||
| 100 | 1 |
_aCabré Aguiló, Juan, _d1882-1947 _933266 |
|
| 245 | 1 | 0 |
_aExcavaciones en la necrópoli celtibérica del Altillo de Cerropozo, Atienza (Guadalajara) _b: practicadas bajo la dirección de Don Juan Cabré, con la cooperación de Don Justo Juberías : memoria redactada / _cpor Juan Cabré Aguiló. |
| 260 |
_aMadrid : _b[s.n.], _c1930 ( _fTipografía de Archivos) |
||
| 300 |
_a40 p., XX h. de lám. ; _c24 cm. |
||
| 490 | 1 |
_aJunta Superior de Excavaciones y Antigüedades ; _vn. 105 = n. 1, 1929 |
|
| 651 | 4 |
_aGuadalajara (Provincia)- _xRestos arqueológicos. _9152537 |
|
| 710 | 2 |
_aEspaña. _bJunta Superior de Excavaciones y Antigüedades. _9152463 |
|
| 830 | 0 |
_aJunta Superior de Excavaciones y Antigüedades ; _vn. 105 = n. 1, 1929 _9191570 |
|
| 852 |
_aES-MaACL _jE-3378(1) |
||
| 999 |
_c181802 _d181802 |
||